[Event "3rd Memory of Nebesna Sotnya-2016 B"]
[Site "Lutsk, Volyn region"]
[Date "2016.02.19"]
[Round "16.7"]
[White "Grekh, Andrey"]
[Black "Voitovich, Vladislav"]
[Result "1/2-1/2"]
[WhiteElo "2421"]
[BlackElo "2268"]
[PlyCount "105"]
[EventDate "2016.02.19"]
[EventType "swiss (blitz)"]
[EventRounds "22"]
[EventCountry "UKR"]

1. e4 Nf6 2. e5 Nd5 3. d4 d6 4. Nf3 Bg4 5. Be2 c6 6. O-O Bxf3 7. Bxf3 dxe5 8.
dxe5 e6 9. Qe2 Nd7 10. c4 Ne7 11. Bf4 Ng6 12. Bg3 Qg5 13. Re1 h5 14. h3 Bc5 15.
Bh2 Bd4 16. Nc3 Bxe5 17. Bxe5 Ndxe5 18. Ne4 Qe7 19. c5 Nf4 20. Qe3 Nd5 21. Qb3
Nxf3+ 22. Qxf3 O-O-O 23. Nd6+ Rxd6 24. cxd6 Qf6 25. Qa3 a6 26. b4 Rd8 27. Rac1
Kb8 28. Qb3 Rxd6 29. a4 Nf4 30. Rcd1 Rxd1 31. Qxd1 Nd5 32. b5 axb5 33. axb5
cxb5 34. Qc2 Qc3 35. Qe2 b4 36. Rb1 Qc7 37. Qb5 Qc6 38. Qd3 Qc3 39. Qb5 Qc6 40.
Qa5 Qc7 41. Qa4 Nc3 42. Qe8+ Ka7 43. Ra1+ Kb6 44. Qa8 Qc5 45. Qd8+ Qc7 46. Qd4+
Qc5 47. Qd8+ Qc7 48. Qd4+ Qc5 49. Qd8+ Qc7 50. Qd4+ Qc5 51. Qd8+ Qc7 52. Qd4+
Kb5 53. Qd3+ 1/2-1/2

[Event "3rd Memory of Nebesna Sotnya-2016 B"]
[Site "Lutsk, Volyn region"]
[Date "2016.02.19"]
[Round "16.8"]
[White "Mikhalsky, Vladimir"]
[Black "Grebeniuk, Semen"]
[Result "1-0"]
[WhiteElo "2363"]
[BlackElo "2266"]
[PlyCount "169"]
[EventDate "2016.02.19"]
[EventType "swiss (blitz)"]
[EventRounds "22"]
[EventCountry "UKR"]

1. c4 Nf6 2. Nc3 e5 3. g3 Bc5 4. Bg2 a6 5. e3 d6 6. Nge2 O-O 7. O-O Nc6 8. a3
Ba7 9. b4 Bg4 10. h3 Bh5 11. d3 Qd7 12. g4 Bg6 13. Ng3 h6 14. Rb1 Nd8 15. Kh2
c6 16. f4 exf4 17. exf4 d5 18. f5 Bh7 19. cxd5 cxd5 20. Qb3 Nc6 21. Nxd5 Nxd5
22. Qxd5 Rad8 23. Qxd7 Rxd7 24. Be4 Rfd8 25. Bb2 f6 26. Nh5 Nd4 27. Nf4 Kh8 28.
Kg2 Bg8 29. h4 Bf7 30. g5 hxg5 31. hxg5 fxg5 32. Rh1+ Kg8 33. Nh3 g4 34. Ng5
Bd5 35. Kg3 Bb8+ 36. Kxg4 Nc2 37. Ne6 Ne3+ 38. Kf3 Nxf5 39. Nxd8 Rxd8 40. Bxd5+
Rxd5 41. Ke4 Rb5 42. Rbg1 Ng3+ 43. Rxg3 Bxg3 44. Rg1 Bf2 45. Rxg7+ Kf8 46. Rd7
a5 47. Bc3 axb4 48. Bxb4+ Ke8 49. Rh7 Bc5 50. Bxc5 Rxc5 51. Rxb7 Ra5 52. Rb3
Kd7 53. d4 Kd6 54. Rh3 Ra4 55. Rh6+ Kd7 56. Rh3 Kd6 57. Rb3 Ra6 58. Rh3 Ra4 59.
Rh6+ Kd7 60. Ke5 Rxa3 61. Rh7+ Kd8 62. d5 Ra1 63. Rb7 Kc8 64. Rg7 Rh1 65. Kd6
Rh6+ 66. Kc5 Rh1 67. Kc6 Rc1+ 68. Kd6 Rh1 69. Rg8+ Kb7 70. Re8 Rh5 71. Ke6 Rh6+
72. Kd7 Kb6 73. d6 Kc5 74. Re5+ Kb6 75. Re6 Rh7+ 76. Kd8 Rh8+ 77. Re8 Rh7 78.
d7 Kc6 79. Re6+ Kb7 80. Ke8 Rh8+ 81. Ke7 Kc7 82. Rh6 Rg8 83. Rh7 Rd8 84. Ke6
Ra8 85. d8=Q+ 1-0

[Event "3rd Memory of Nebesna Sotnya-2016 B"]
[Site "Lutsk, Volyn region"]
[Date "2016.02.19"]
[Round "17.1"]
[White "Bogdanovich, Stanislav"]
[Black "Klymchuk, Andriy"]
[Result "0-1"]
[WhiteElo "2727"]
[BlackElo "2468"]
[PlyCount "103"]
[EventDate "2016.02.19"]
[EventType "swiss (blitz)"]
[EventRounds "22"]
[EventCountry "UKR"]

1. d4 Nf6 2. c4 g6 3. Nf3 Bg7 4. g3 O-O 5. Bg2 d6 6. O-O Nbd7 7. Nc3 e5 8. e4
c6 9. Re1 exd4 10. Nxd4 Re8 11. h3 Qb6 12. Nc2 Ne5 13. Be3 Qa5 14. Na3 Be6 15.
Bf1 d5 16. cxd5 cxd5 17. Bd4 dxe4 18. Bxe5 Qxe5 19. Nc4 Bxc4 20. Bxc4 Rad8 21.
Qb3 Re7 22. Rad1 Rxd1 23. Qxd1 h5 24. Qd8+ Kh7 25. Qd2 Qf5 26. Bf1 Bh6 27. Qc2
h4 28. Bg2 hxg3 29. fxg3 Qc5+ 30. Qf2 Qxf2+ 31. Kxf2 Bd2 32. Rd1 e3+ 33. Ke2
Nh5 34. Kf3 Re6 35. Ne2 Rb6 36. b3 Rc6 37. g4 Nf6 38. Nd4 Ra6 39. a4 Rb6 40.
Ke2 Rb4 41. Nb5 a6 42. Nd6 Kg7 43. Nxb7 Rxb3 44. Nc5 Rb2 45. Nxa6 Ba5+ 46. Kf3
Rf2+ 47. Kg3 e2 48. Rb1 e1=Q 49. Rxe1 Bxe1 50. Bf3 Ra2+ 51. Kf4 Rxa4+ 52. Ke5
0-1

[Event "3rd Memory of Nebesna Sotnya-2016 B"]
[Site "Lutsk, Volyn region"]
[Date "2016.02.19"]
[Round "17.2"]
[White "Polivanov, Anatoliy"]
[Black "Kuzubov, Yuriy"]
[Result "0-1"]
[WhiteElo "2384"]
[BlackElo "2712"]
[PlyCount "100"]
[EventDate "2016.02.19"]
[EventType "swiss (blitz)"]
[EventRounds "22"]
[EventCountry "UKR"]

1. e4 e6 2. d4 d5 3. Nc3 Nc6 4. Nf3 Nf6 5. Bd3 Nb4 6. e5 Nxd3+ 7. cxd3 Nd7 8.
Bg5 Be7 9. Bxe7 Qxe7 10. O-O O-O 11. Rc1 b6 12. Nb5 c5 13. Nd6 Ba6 14. dxc5
bxc5 15. b4 Nxe5 16. Nxe5 Qxd6 17. Re1 Rfc8 18. bxc5 Rxc5 19. d4 Rxc1 20. Qxc1
f6 21. Ng4 Rc8 22. Qe3 h5 23. Nxf6+ gxf6 24. Qh6 Qf8 25. Qxh5 Qf7 26. Qg4+ Kf8
27. h4 Re8 28. Qg3 Bc4 29. Qe3 Qh5 30. Qa3+ Kf7 31. Qxa7+ Re7 32. Qc5 Bxa2 33.
g3 Bc4 34. Ra1 Qe2 35. Qc8 Kg7 36. h5 Rf7 37. h6+ Kh7 38. Qe8 Rb7 39. Qf8 Qf3
40. Qc8 Re7 41. Qf8 Rb7 42. Qc8 Ba6 43. Rc1 Ra7 44. Qf8 Bc4 45. Qb8 Ra2 46.
Qc7+ Kxh6 47. Rf1 Bxf1 48. Qc1+ Kg6 49. Qxf1 Rd2 50. Qh3 Rd1+ 0-1

[Event "3rd Memory of Nebesna Sotnya-2016 B"]
[Site "Lutsk, Volyn region"]
[Date "2016.02.19"]
[Round "17.3"]
[White "Onischuk, Vladimir"]
[Black "Reprintsev, Alexander"]
[Result "1-0"]
[WhiteElo "2728"]
[BlackElo "2356"]
[PlyCount "77"]
[EventDate "2016.02.19"]
[EventType "swiss (blitz)"]
[EventRounds "22"]
[EventCountry "UKR"]

1. e4 d5 2. exd5 Qxd5 3. Nc3 Qa5 4. d4 Nf6 5. Nf3 Bg4 6. h3 Bh5 7. Bd2 e6 8. g4
Bg6 9. Ne5 Bb4 10. Bg2 Qa6 11. Qe2 Qxe2+ 12. Kxe2 c6 13. Nxg6 hxg6 14. a3 Bd6
15. Ne4 Nxe4 16. Bxe4 f5 17. Bg2 Kf7 18. c4 Nd7 19. b4 Nf6 20. a4 Rad8 21. b5
e5 22. bxc6 bxc6 23. Bxc6 exd4 24. gxf5 gxf5 25. Kd3 Bc5 26. Rab1 Rb8 27. Rb5
Rxb5 28. cxb5 Rh4 29. f3 Be7 30. a5 Nh5 31. b6 axb6 32. a6 Ng3 33. Rg1 Rxh3 34.
a7 Ne4 35. a8=Q Rxf3+ 36. Kc2 d3+ 37. Kb2 Rf2 38. Bxe4 fxe4 39. Qd5+ 1-0

[Event "3rd Memory of Nebesna Sotnya-2016 B"]
[Site "Lutsk, Volyn region"]
[Date "2016.02.19"]
[Round "17.4"]
[White "Razin, Vadim"]
[Black "Bordovsky, Vladimir"]
[Result "1-0"]
[WhiteElo "2461"]
[BlackElo "2424"]
[PlyCount "75"]
[EventDate "2016.02.19"]
[EventType "swiss (blitz)"]
[EventRounds "22"]
[EventCountry "UKR"]

1. d4 Nf6 2. Nf3 d6 3. Bg5 Nbd7 4. Nbd2 g6 5. e4 Bg7 6. c3 O-O 7. Bc4 h6 8. Bh4
c6 9. Bb3 Qc7 10. O-O e5 11. Re1 b5 12. a4 Bb7 13. Qe2 a6 14. Rad1 Rfe8 15. Bg3
c5 16. dxe5 dxe5 17. Bc2 Nh5 18. Nf1 c4 19. Ne3 Ndf6 20. Nd5 Nxd5 21. exd5 Nxg3
22. hxg3 Rad8 23. axb5 axb5 24. Be4 Rd6 25. b3 f5 26. Bc2 Rxd5 27. bxc4 bxc4
28. Nh4 Rxd1 29. Rxd1 Qf7 30. g4 e4 31. gxf5 gxf5 32. g3 Bxc3 33. Nxf5 Re6 34.
Rd8+ Kh7 35. Qxc4 Ba6 36. Qxc3 Qxf5 37. Rd7+ Kg6 38. Rg7+ 1-0

[Event "3rd Memory of Nebesna Sotnya-2016 B"]
[Site "Lutsk, Volyn region"]
[Date "2016.02.19"]
[Round "17.6"]
[White "Mikhaletz, Lubomir"]
[Black "Rakhmangulov, Andrei"]
[Result "0-1"]
[WhiteElo "2439"]
[BlackElo "2402"]
[PlyCount "27"]
[EventDate "2016.02.19"]
[EventType "swiss (blitz)"]
[EventRounds "22"]
[EventCountry "UKR"]

1. b3 e5 2. Bb2 Nc6 3. e3 Nf6 4. Nf3 d6 5. d4 exd4 6. Nxd4 Nxd4 7. Qxd4 Be7 8.
Nc3 d5 9. O-O-O c6 10. h3 O-O 11. g4 Qb6 12. Qf4 Qa5 13. Kb1 Bb4 14. Rd3 {Time}
0-1

[Event "3rd Memory of Nebesna Sotnya-2016 B"]
[Site "Lutsk, Volyn region"]
[Date "2016.02.19"]
[Round "17.7"]
[White "Bortnyk, Mykola"]
[Black "Voitovich, Vladislav"]
[Result "1-0"]
[WhiteElo "2665"]
[BlackElo "2268"]
[PlyCount "93"]
[EventDate "2016.02.19"]
[EventType "swiss (blitz)"]
[EventRounds "22"]
[EventCountry "UKR"]

1. a3 Nf6 2. b4 e5 3. Bb2 d6 4. Nf3 Be7 5. c4 O-O 6. e3 Bg4 7. Be2 Nc6 8. d4
exd4 9. Nxd4 Bxe2 10. Qxe2 Nxd4 11. Bxd4 c5 12. Bb2 d5 13. bxc5 Bxc5 14. O-O d4
15. Rd1 Re8 16. Qf3 Qb6 17. Bxd4 Bxd4 18. exd4 Qxd4 19. Nd2 b6 20. Rac1 Rac8
21. h3 h6 22. Nf1 Qe4 23. Qb3 Rc5 24. Ng3 Qc6 25. Rd4 Rc8 26. Qd3 b5 27. Nf5
Qe6 28. Ne3 bxc4 29. Rdxc4 Rxc4 30. Nxc4 Qd5 31. Qf1 Qc5 32. Rc2 Qf8 33. Qd3
Qd8 34. Qe2 Qe8 35. Ne3 Rxc2 36. Qxc2 Qe7 37. a4 Kf8 38. Qc8+ Qe8 39. Qa6 Qe7
40. g3 g6 41. a5 h5 42. h4 Ng4 43. Nxg4 hxg4 44. Qc8+ Kg7 45. Qc3+ Qf6 46. Qb4
Qa1+ 47. Kg2 1-0

[Event "3rd Memory of Nebesna Sotnya-2016 B"]
[Site "Lutsk, Volyn region"]
[Date "2016.02.19"]
[Round "17.8"]
[White "Budnikov, Oleg"]
[Black "Yanichkin, Artur"]
[Result "1-0"]
[WhiteElo "2509"]
[BlackElo "2261"]
[PlyCount "112"]
[EventDate "2016.02.19"]
[EventType "swiss (blitz)"]
[EventRounds "22"]
[EventCountry "UKR"]

1. Nf3 d5 2. e3 c5 3. b3 Nc6 4. Bb2 Nf6 5. Bb5 Bd7 6. O-O a6 7. Bxc6 Bxc6 8. d3
e6 9. Ne5 Bd6 10. f4 O-O 11. Nd2 Nd7 12. Nxc6 bxc6 13. c4 f6 14. Qf3 a5 15.
Rad1 a4 16. Qh3 Re8 17. e4 d4 18. e5 Be7 19. Qxe6+ Kh8 20. Qxc6 axb3 21. axb3
fxe5 22. f5 Nf6 23. Qf3 Ra2 24. Bc1 Qa8 25. Rde1 Qxf3 26. Rxf3 Bd6 27. h3 h5
28. Ne4 Nxe4 29. Rxe4 Rb8 30. f6 gxf6 31. Rxf6 Ra1 32. Rxd6 Rxc1+ 33. Kh2 Rxb3
34. Rxe5 Kg7 35. Re7+ Kf8 36. Ra7 Rb8 37. Rh6 Kg8 38. Rxh5 Rc8 39. Ra5 Rc3 40.
Raxc5 Re8 41. Rc7 Rxd3 42. Rd5 Rd2 43. c5 d3 44. c6 Kf8 45. h4 Kg8 46. h5 Kh8
47. Rcd7 Ree2 48. Rxd3 Rxg2+ 49. Kh3 Rh2+ 50. Kg4 Rdg2+ 51. Kf3 Rf2+ 52. Ke3
Re2+ 53. Kd4 Rxh5 54. c7 Rh4+ 55. Kc3 Re8 56. Rd8 Rhe4 1-0

[Event "3rd Memory of Nebesna Sotnya-2016 B"]
[Site "Lutsk, Volyn region"]
[Date "2016.02.19"]
[Round "18.1"]
[White "Klymchuk, Andriy"]
[Black "Bogdanovich, Stanislav"]
[Result "0-1"]
[WhiteElo "2468"]
[BlackElo "2727"]
[PlyCount "50"]
[EventDate "2016.02.19"]
[EventType "swiss (blitz)"]
[EventRounds "22"]
[EventCountry "UKR"]

1. g3 d5 2. Bg2 Nf6 3. Nf3 c6 4. O-O Bg4 5. c4 Nbd7 6. cxd5 cxd5 7. Qb3 Qb6 8.
Nc3 Bxf3 9. Bxf3 e6 10. Qxb6 Nxb6 11. d3 Kd7 12. e4 Bb4 13. exd5 Nbxd5 14. Nxd5
Nxd5 15. Be3 Kd6 16. a3 Ba5 17. Bd4 f6 18. Rfc1 Bb6 19. Bxb6 axb6 20. Bxd5 exd5
21. Rc3 Rhc8 22. Rac1 Rc5 23. d4 Rc6 24. f3 Ra4 25. b4 Rxa3 0-1

[Event "3rd Memory of Nebesna Sotnya-2016 B"]
[Site "Lutsk, Volyn region"]
[Date "2016.02.19"]
[Round "18.2"]
[White "Kuzubov, Yuriy"]
[Black "Polivanov, Anatoliy"]
[Result "1-0"]
[WhiteElo "2712"]
[BlackElo "2384"]
[PlyCount "89"]
[EventDate "2016.02.19"]
[EventType "swiss (blitz)"]
[EventRounds "22"]
[EventCountry "UKR"]

1. d4 e6 2. Nf3 d5 3. c4 c6 4. e3 f5 5. Be2 Nf6 6. b3 Bd6 7. O-O Qe7 8. a4 a5
9. Ba3 Bxa3 10. Nxa3 O-O 11. Nb1 b6 12. Nbd2 Nbd7 13. Ne1 Bb7 14. Nd3 c5 15.
Nf3 Ne4 16. Rc1 Rac8 17. Nfe5 Rfd8 18. Nxd7 Rxd7 19. cxd5 Bxd5 20. Nf4 Rcd8 21.
Bb5 Rd6 22. f3 Nf6 23. dxc5 bxc5 24. Qc2 Qa7 25. Rfe1 Kh8 26. Qc3 Bb7 27. Qxc5
Qxc5 28. Rxc5 g5 29. Ne2 g4 30. Nd4 gxf3 31. gxf3 Nd5 32. Kf2 Nxe3 33. Rxe3
Rxd4 34. Rxe6 Rh4 35. Kg3 Rh5 36. Re8+ Rxe8 37. Kf4 Rxh2 38. Bxe8 Rf2 39. Rc3
Kg7 40. Rc7+ Kf8 41. Rxb7 Kxe8 42. Rxh7 Kd8 43. Rb7 Kc8 44. Rb5 Kc7 45. Rxa5
1-0

[Event "3rd Memory of Nebesna Sotnya-2016 B"]
[Site "Lutsk, Volyn region"]
[Date "2016.02.19"]
[Round "18.3"]
[White "Reprintsev, Alexander"]
[Black "Onischuk, Vladimir"]
[Result "0-1"]
[WhiteElo "2356"]
[BlackElo "2728"]
[PlyCount "79"]
[EventDate "2016.02.19"]
[EventType "swiss (blitz)"]
[EventRounds "22"]
[EventCountry "UKR"]

1. e4 d6 2. d4 Nf6 3. Nc3 g6 4. h4 Bg7 5. Be2 c5 6. dxc5 Qa5 7. Qd3 Qxc5 8. Be3
Qa5 9. h5 Nxh5 10. Bxh5 Bxc3+ 11. Qxc3 Qxc3+ 12. bxc3 gxh5 13. Rxh5 Nc6 14. f4
Be6 15. Nf3 f6 16. Nd4 Bc4 17. Kd2 Rc8 18. a4 Bf7 19. Rb5 Rg8 20. Rg1 b6 21.
Nxc6 Rxc6 22. a5 Bc4 23. Rh5 bxa5 24. Rxa5 a6 25. Rh5 Bf7 26. Rh6 Kd7 27. f5
Rg4 28. Rxh7 Bc4 29. Bd4 Rxe4 30. Rb1 Bb5 31. Rg7 Rc8 32. Bxf6 Rf8 33. Bd4 Rxf5
34. g4 Re2+ 35. Kc1 Rf1+ 36. Kb2 Rxb1+ 37. Kxb1 Ba4 38. Kb2 Bxc2 39. Ka3 Kc6
40. g5 0-1

[Event "3rd Memory of Nebesna Sotnya-2016 B"]
[Site "Lutsk, Volyn region"]
[Date "2016.02.19"]
[Round "18.4"]
[White "Bordovsky, Vladimir"]
[Black "Razin, Vadim"]
[Result "1/2-1/2"]
[WhiteElo "2424"]
[BlackElo "2461"]
[PlyCount "191"]
[EventDate "2016.02.19"]
[EventType "swiss (blitz)"]
[EventRounds "22"]
[EventCountry "UKR"]

1. Nf3 d5 2. c4 e6 3. b3 Nf6 4. Bb2 Be7 5. g3 O-O 6. Bg2 c5 7. cxd5 Nxd5 8. O-O
Nc6 9. a3 Bf6 10. Qc2 b6 11. Nc3 Nxc3 12. dxc3 Qc7 13. Rad1 Bb7 14. Bc1 h6 15.
Bf4 e5 16. Be3 Rfe8 17. Nd2 Rad8 18. Qf5 Qe7 19. Ne4 Qe6 20. Nxf6+ Qxf6 21.
Qxf6 gxf6 22. Bxh6 Na5 23. Bxb7 Nxb7 24. b4 Nd6 25. bxc5 bxc5 26. Be3 Ne4 27.
c4 Nc3 28. Rxd8 Nxe2+ 29. Kg2 Rxd8 30. Bxc5 Rc8 31. Bxa7 Rxc4 32. Re1 Rc2 33.
Be3 Ra2 34. Kf3 Nc3 35. Bc5 Nb5 36. Re4 Rc2 37. Bb4 Nd4+ 38. Kg2 Kh7 39. h4 Kg6
40. g4 Ne6 41. a4 Ra2 42. Be7 Nf4+ 43. Kg3 Nd5 44. Bc5 Nc3 45. Rc4 Nxa4 46. Be3
Ra3 47. h5+ Kg7 48. h6+ Kg6 49. Rc8 Nb6 50. Rg8+ Kh7 51. Rg7+ Kh8 52. Rxf7 Nd5
53. Kf3 Ra4 54. Rd7 Nc3 55. g5 fxg5 56. Bxg5 Ne4 57. Be3 Nf6 58. Rf7 Nd5 59.
Rd7 Nf6 60. Rf7 Ng4 61. Rf5 Kh7 62. Rg5 Nxe3 63. fxe3 Kxh6 64. Rxe5 Kg6 65. Rb5
Kf6 66. Rb6+ Ke7 67. e4 Ra1 68. Kf4 Ra5 69. Rb7+ Ke6 70. Rb6+ Ke7 71. e5 Ra1
72. Rb7+ Ke6 73. Rb6+ Ke7 74. Ke4 Ra5 75. Kf5 Ra1 76. Rb7+ Ke8 77. Kf6 Rf1+ 78.
Ke6 Kf8 79. Rb8+ Kg7 80. Ke7 Ra1 81. Rd8 Ra6 82. e6 Rb6 83. Rd6 Rb7+ 84. Rd7
Rb8 85. Rc7 Ra8 86. Kd7 Kf6 87. e7 Kf7 88. Rb7 Re8 89. Kd6 Ra8 90. Rb6 Ke8 91.
Ke6 Ra6 92. Rd6 Rb6 93. Kd5 Rb7 94. Re6 Rxe7 95. Rxe7+ Kxe7 96. Ke4 1/2-1/2

[Event "3rd Memory of Nebesna Sotnya-2016 B"]
[Site "Lutsk, Volyn region"]
[Date "2016.02.19"]
[Round "18.5"]
[White "Borisenko, Viacheslav"]
[Black "Omelja, Artem"]
[Result "0-1"]
[WhiteElo "2455"]
[BlackElo "2433"]
[PlyCount "101"]
[EventDate "2016.02.19"]
[EventType "swiss (blitz)"]
[EventRounds "22"]
[EventCountry "UKR"]

1. e4 e6 2. d4 d5 3. Nc3 Bb4 4. e5 c5 5. dxc5 Ne7 6. Nf3 Nd7 7. Bd3 Nc6 8. Bf4
f6 9. exf6 Qxf6 10. Bd2 Bxc5 11. O-O O-O 12. Bg5 Qf7 13. Bh4 h6 14. Bb5 Nde5
15. Nxe5 Nxe5 16. Bg3 Ng6 17. Qd2 a6 18. Bd3 Nf4 19. Rae1 Bd7 20. Ne2 Nh5 21.
Nc1 Nxg3 22. hxg3 Qf6 23. c4 Bc6 24. Nb3 Ba7 25. c5 e5 26. Rc1 Rad8 27. Be2 d4
28. Na5 e4 29. Nxc6 Qxc6 30. Bc4+ Kh8 31. b4 Bb8 32. a3 Qf6 33. Qe2 Rfe8 34.
Rce1 Re5 35. Bd3 exd3 36. Qxd3 Rde8 37. Rd1 Rd5 38. Qc4 Rdd8 39. a4 Be5 40. b5
axb5 41. Qxb5 Qc6 42. Qb4 Bf6 43. Rb1 Rd7 44. Rfc1 d3 45. Rd1 Red8 46. Qc4 Qd5
47. Qb5 Rc7 48. Rb3 d2 49. Qe2 Rxc5 50. Rf3 Bc3 51. Qe7 0-1

[Event "3rd Memory of Nebesna Sotnya-2016 B"]
[Site "Lutsk, Volyn region"]
[Date "2016.02.19"]
[Round "18.6"]
[White "Rakhmangulov, Andrei"]
[Black "Mikhaletz, Lubomir"]
[Result "1-0"]
[WhiteElo "2402"]
[BlackElo "2439"]
[PlyCount "107"]
[EventDate "2016.02.19"]
[EventType "swiss (blitz)"]
[EventRounds "22"]
[EventCountry "UKR"]

1. d4 d6 2. Bf4 c5 3. d5 g6 4. e4 Bg7 5. Nc3 Bxc3+ 6. bxc3 f5 7. exf5 Bxf5 8.
Bd3 Qa5 9. Ne2 Bxd3 10. cxd3 Nf6 11. Qb3 b5 12. O-O O-O 13. c4 Nbd7 14. Bh6 Rf7
15. h3 Rb8 16. Qc2 Qa4 17. Qxa4 bxa4 18. Rab1 Rb6 19. Nc3 a3 20. Rb3 Rxb3 21.
axb3 Ne5 22. Ra1 Nxd3 23. Rxa3 e5 24. dxe6 Re7 25. Nd5 Nxd5 26. cxd5 Nb4 27.
Bf4 Nxd5 28. Bxd6 Rxe6 29. Bxc5 a6 30. b4 g5 31. g3 Kf7 32. Rd3 Nf6 33. Rd8 Kg6
34. Kg2 h5 35. Ra8 Kf5 36. Bd4 Ke4 37. Bxf6 Rxf6 38. Rc8 Kf5 39. Rc5+ Kg6 40.
Ra5 Rb6 41. Ra4 h4 42. g4 Kf6 43. Kf3 Re6 44. Ra5 Rb6 45. Ke3 Rxb4 46. Rxa6+
Ke5 47. Ra5+ Kf6 48. Rd5 Rb1 49. Rd6+ Kf7 50. Ke4 Rh1 51. Rd3 Kf6 52. Rd6+ Kf7
53. Kf5 Rxh3 54. Kxg5 1-0

[Event "3rd Memory of Nebesna Sotnya-2016 B"]
[Site "Lutsk, Volyn region"]
[Date "2016.02.19"]
[Round "18.7"]
[White "Voitovich, Vladislav"]
[Black "Bortnyk, Mykola"]
[Result "0-1"]
[WhiteElo "2268"]
[BlackElo "2665"]
[PlyCount "76"]
[EventDate "2016.02.19"]
[EventType "swiss (blitz)"]
[EventRounds "22"]
[EventCountry "UKR"]

1. d4 e6 2. Nf3 Nf6 3. Bg5 c5 4. Nc3 Nc6 5. d5 exd5 6. Nxd5 Qa5+ 7. Bd2 Qd8 8.
Bg5 Be7 9. Nxe7 Qxe7 10. c3 d6 11. e3 Bg4 12. Be2 h6 13. Bh4 Rd8 14. h3 Bh5 15.
c4 g5 16. Bg3 d5 17. cxd5 Nxd5 18. Qb3 O-O 19. O-O f5 20. Rfe1 Bf7 21. a3 b6
22. Qc2 Qf6 23. Rad1 Rfe8 24. Bb5 Re6 25. e4 fxe4 26. Rxe4 Qg6 27. Bd3 Qg7 28.
Rxe6 Bxe6 29. Bf5 Bf7 30. Be4 Qf6 31. Rd2 Kf8 32. Qd1 Nce7 33. Bd3 Nf4 34. Bxf4
Qxf4 35. Be2 Rxd2 36. Nxd2 Qd4 37. Qc2 Bg6 38. Qc1 Nd5 0-1

[Event "3rd Memory of Nebesna Sotnya-2016 B"]
[Site "Lutsk, Volyn region"]
[Date "2016.02.19"]
[Round "18.8"]
[White "Yanichkin, Artur"]
[Black "Budnikov, Oleg"]
[Result "1-0"]
[WhiteElo "2261"]
[BlackElo "2509"]
[PlyCount "116"]
[EventDate "2016.02.19"]
[EventType "swiss (blitz)"]
[EventRounds "22"]
[EventCountry "UKR"]

1. c4 e5 2. g3 Nc6 3. Bg2 Bc5 4. e3 d6 5. Ne2 Bb6 6. O-O Be6 7. d3 Qd7 8. Re1
Nge7 9. Nbc3 d5 10. cxd5 Nxd5 11. a3 O-O 12. b4 Nxc3 13. Nxc3 Rad8 14. Bf1 Bh3
15. Bxh3 Qxh3 16. Bb2 f5 17. Qb3+ Kh8 18. Nd5 f4 19. exf4 exf4 20. Nxf4 Rxf4
21. gxf4 Qg4+ 22. Kf1 Qf3 23. Qc2 Qxf4 24. d4 Bxd4 25. Bxd4 Nxd4 26. Qe4 Qxe4
27. Rxe4 Nf5 28. Rc1 c6 29. a4 h6 30. b5 cxb5 31. axb5 Rd5 32. Rb4 Nd6 33. Rc7
Nxb5 34. Rxb7 a6 35. Rg4 Rg5 36. Rxg5 hxg5 37. Rb6 Nc7 38. Rc6 Nd5 39. Rxa6 Nf4
40. Ra5 Ne6 41. Re5 Nd4 42. Rxg5 Nf3 43. Rg3 Ne5 44. f4 Nc4 45. Kf2 Kg8 46. Kf3
Kf7 47. Ke4 Kf6 48. Rc3 Nd6+ 49. Kf3 Nf5 50. Rc6+ Kf7 51. Kg4 Nd4 52. Ra6 Nc2
53. h4 Ne3+ 54. Kg5 Nd5 55. f5 Ne7 56. Ra7 Kf8 57. h5 Ng8 58. Kg6 Nf6 1-0

[Event "3rd Memory of Nebesna Sotnya-2016 B"]
[Site "Lutsk, Volyn region"]
[Date "2016.02.19"]
[Round "19.2"]
[White "Klymchuk, Andriy"]
[Black "Rakhmangulov, Andrei"]
[Result "1/2-1/2"]
[WhiteElo "2468"]
[BlackElo "2402"]
[PlyCount "36"]
[EventDate "2016.02.19"]
[EventType "swiss (blitz)"]
[EventRounds "22"]
[EventCountry "UKR"]

1. d4 d5 2. c4 c6 3. cxd5 cxd5 4. Nc3 Nf6 5. Bf4 Bf5 6. e3 e6 7. Bd3 Bxd3 8.
Qxd3 Nc6 9. Nf3 Bd6 10. Bxd6 Qxd6 11. O-O O-O 12. Rfc1 Rfc8 13. Nd2 Nb4 14. Qe2
Nc6 15. Qd3 Nb4 16. Qe2 Nc6 17. Qd3 Nb4 18. Qe2 Qd8 1/2-1/2

[Event "3rd Memory of Nebesna Sotnya-2016 B"]
[Site "Lutsk, Volyn region"]
[Date "2016.02.19"]
[Round "19.3"]
[White "Razin, Vadim"]
[Black "Bogdanovich, Stanislav"]
[Result "0-1"]
[WhiteElo "2461"]
[BlackElo "2727"]
[PlyCount "116"]
[EventDate "2016.02.19"]
[EventType "swiss (blitz)"]
[EventRounds "22"]
[EventCountry "UKR"]

1. d4 d5 2. Nf3 Nf6 3. c4 dxc4 4. e3 e6 5. Bxc4 c5 6. O-O Nc6 7. Nc3 a6 8. Qe2
Bd6 9. Rd1 Qc7 10. dxc5 Bxc5 11. b3 O-O 12. Bb2 Qe7 13. Rac1 Bd7 14. Na4 Ba7
15. Bd3 Rfd8 16. Bb1 Rac8 17. Ng5 h6 18. Ne4 Nxe4 19. Bxe4 Be8 20. Bb1 Rxd1+
21. Qxd1 Rd8 22. Qc2 f5 23. h3 Nb4 24. Qe2 Bb5 25. Qf3 Bc6 26. Qg3 Bb8 27. Be5
Bxe5 28. Qxe5 Qd6 29. Qc3 Qd2 30. Qxd2 Rxd2 31. Nc5 Kf7 32. a3 Na2 33. Bxa2
Rxa2 34. a4 Kf6 35. Nxa6 Rb2 36. Nc5 Bd5 37. Rc3 Ke7 38. Nd3 Rxb3 39. Rxb3 Bxb3
40. a5 Kd6 41. f3 e5 42. Kf2 Bc4 43. Nb2 Bb5 44. e4 f4 45. Nd1 Kc5 46. Nc3 Bc6
47. g3 Kb4 48. Nb1 Kxa5 49. gxf4 exf4 50. Na3 Kb4 51. Nc2+ Kc3 52. Ne1 b5 53.
Ke2 b4 54. Kd1 b3 55. Kc1 Bb5 56. e5 b2+ 57. Kb1 Bd7 58. Ka2 Bf5 0-1

[Event "3rd Memory of Nebesna Sotnya-2016 B"]
[Site "Lutsk, Volyn region"]
[Date "2016.02.19"]
[Round "19.4"]
[White "Reshetkov, Kirill"]
[Black "Bortnyk, Mykola"]
[Result "0-1"]
[WhiteElo "2428"]
[BlackElo "2665"]
[PlyCount "102"]
[EventDate "2016.02.19"]
[EventType "swiss (blitz)"]
[EventRounds "22"]
[EventCountry "UKR"]

1. d4 Nf6 2. Nf3 e6 3. Bf4 c5 4. c3 Qb6 5. Qb3 cxd4 6. Qxb6 axb6 7. Nxd4 d5 8.
e3 Bd7 9. Bc7 Bc5 10. Nd2 Na6 11. Be5 Be7 12. Be2 O-O 13. O-O Rfc8 14. a3 Nc5
15. h3 Ne8 16. Rfd1 f6 17. Bg3 Na4 18. Rab1 e5 19. Nc2 Bf5 20. Rdc1 Nd6 21. Bg4
Bxg4 22. hxg4 Kf7 23. Nb4 Ra5 24. f3 Ke6 25. Bf2 Nc4 26. Nxc4 dxc4 27. e4 Rd8
28. Be3 Bxb4 29. cxb4 Raa8 30. Rxc4 Rd3 31. Kf2 Rb3 32. Rc2 Rd8 33. Ke2 b5 34.
g5 Rd6 35. gxf6 gxf6 36. g4 Rdd3 37. Bf2 Rxf3 38. Rh1 Rf4 39. Rxh7 Rxe4+ 40.
Kf1 Rxg4 41. Rxb7 Nxb2 42. Rb6+ Kf5 43. Rcc6 Rxa3 44. Rxf6+ Ke4 45. Rxb5 Ra1+
46. Ke2 Nd3 47. Ra5 Rb1 48. b5 Nf4+ 49. Kd2 Rg2 50. Ra4+ Kf3 51. Kc2 Rb3 0-1

[Event "3rd Memory of Nebesna Sotnya-2016 B"]
[Site "Lutsk, Volyn region"]
[Date "2016.02.19"]
[Round "19.6"]
[White "Polivanov, Anatoliy"]
[Black "Mirzoev, Emil"]
[Result "0-1"]
[WhiteElo "2384"]
[BlackElo "2432"]
[PlyCount "118"]
[EventDate "2016.02.19"]
[EventType "swiss (blitz)"]
[EventRounds "22"]
[EventCountry "UKR"]

1. e4 c5 2. Nf3 Nc6 3. d4 cxd4 4. Nxd4 e5 5. Nb5 d6 6. N1c3 a6 7. Na3 Be7 8.
Nc4 Nf6 9. Ne3 O-O 10. g3 Be6 11. Bg2 Rc8 12. O-O Nd4 13. Ned5 Nxd5 14. exd5
Bf5 15. Be4 Bxe4 16. Nxe4 Nxc2 17. Rb1 Nd4 18. Be3 Nf5 19. Bd2 Qd7 20. Bc3 Rc4
21. Qd3 Rfc8 22. Rbc1 b5 23. Nd2 R4c7 24. Nb3 Bg5 25. Rcd1 Bf6 26. Na5 Ne7 27.
Rfe1 Qf5 28. Qxf5 Nxf5 29. Nc6 Ne7 30. Ba5 Rd7 31. Nxe7+ Rxe7 32. Rc1 Ree8 33.
Rc6 Rxc6 34. dxc6 Kf8 35. Rd1 Be7 36. c7 Rc8 37. Rc1 Ke8 38. Rc6 Kd7 39. Rxa6
d5 40. Ra7 Kc6 41. Ra6+ Kd7 42. Ra7 Bd6 43. Rb7 Bxc7 44. Rxb5 Kc6 45. a4 Bxa5
46. Rxa5 Rb8 47. Ra7 f5 48. Rxg7 Rxb2 49. Kf1 d4 50. Ke1 Kd5 51. Rg5 Ke4 52.
f3+ Ke3 53. Kd1 d3 54. Kc1 d2+ 55. Kxb2 d1=Q 56. Rxf5 Qd4+ 57. Kc1 Qc3+ 58. Kd1
Qd3+ 59. Ke1 Qe2# 0-1